• 首页
  • 本馆介绍
  • 公告通知
  • 最新文献
  • 馆藏检索
  • 电子资源
  • 读者导购
  • 参考咨询
  • 我的图书馆
  • 登录
  • 详细信息显示
  • 放入我的书架
  • 预约/预借图书
  • 作者相关作品
  • 分类相关作品
  • 丛书相关作品
  • 出版社相关作品

书目信息

  • 表格格式
  • 工作单格式
  • 卡片格式
题名:
可控硅
    
 
作者: ;《可控硅简介》编写组 编
分册:  
出版信息: 北京   科学出版社  1970
页数: 36页
开本: 20cm
丛书名: 新技术简介丛书
单 册:
中图分类: TN34
科图分类:
主题词: 晶闸管 , 可控硅
电子资源:
ISBN:
000 00654nam0 2200229 450
001 0635923162
005 20060804104419.04
010    @dCNY0.11
100    @a20060412d1970 km y0chiy0120 ea
101 0  @achi
102    @aCN@b110000
200 1  @a可控硅@Ake kong gui@f《可控硅简介》编写组编@F《ke kong gui jian jie》bian xie zu bian
210    @a北京@c科学出版社@d1970
215 1  @a36页@d20cm
225 2  @a新技术简介丛书
410  0 @12001 @a新技术简介丛书
606 0  @a晶闸管
606 0  @a可控硅
690    @aTN34@v4
711  0 @a《可控硅简介》编写组@A《ke kong gui jian jie》bian xie zu@4编
801  0 @aCN@bPFT@c20060804
905    @a10447@dTN34@e12
    
    可控硅/《可控硅简介》编写组编.-北京:科学出版社,1970
    36页;20cm.-(新技术简介丛书)
    
    
    ISBN :CNY0.11
    
●
相关链接 在E读中查询图书 在五车中查询图书 在当当中查询图书 在豆瓣中查询图书


正题名:可控硅     索取号:TN34/12         预约/预借

序号 登录号 条形码 馆藏地/架位号 状态 备注
1 0017918   202316332   密集书库/ [索取号:TN34/12] 在馆    
2 0439718   204397189   密集书库/ [索取号:TN34/12] 在馆    
唐山师范学院图书馆 欢迎您!
大连网信软件有限公司© 版权所有